000 00861nam a22002777a 4500
003 CHAP
005 20220329143806.0
008 110823s1972 mx r 00010 spa d
010 _a101904
011 _a102876
035 _a113565
040 _cCHAP
090 _aFolleto 18008
100 0 0 _aPacheco Sotelo, Pascual.
_984589
245 1 3 _aEl papayo
_c/por Pascual Pacheco Sotelo
260 _aChapingo, Méx. :
_bDirección General de Extensión Agrícola,
_c1972
300 _a26 p. :
_bilus.
490 0 _aFolleto para extensionistas
_v; 2
590 _aBATCH-UPD
_b10
_c20130110
_lUCH01
_h1358
590 _aCONVERSION
_b10
_c20130109
_lUCH01
_h1356
650 1 4 _aPapaya.
_985322
830 0 _aFolleto para extensionistas
_v; 2
_942058
901 _aBK
942 _cFOLL
949 _aFolleto 18008
_bBC
_cFOLL
_d33724002304439
_eTS1
_gDonaciØn
_i113565
_sb
999 _c101904
_d101904